000 01001nam a2200277Ia 4500
003 OSt
005 20220930093202.0
006 a|||||r|||| 00| 0
007 ta
008 220926b |||||||| |||| 00| 0 eng d
024 _a32080
037 _cTheses
040 _aCRL
_cCRL
_beng
041 _2eng
_aeng
100 _aRai Nishant Au.
_9551036
110 _aUniversity of Delhi. Faculty of Medical Sciences. Department of Pharmacolgy
_9545719
245 0 _aExperimental studies on the cellular and molecular mechanisms of action of unim - 352, a polyherbal unani preparation, to validate its use as a drug for bronchial asthma
260 _c2016
300 _aiv, 196 p.
_ap.
_ccm.
650 _aPHARMACOLOGY
700 _a Gulati Kavita Gu.
_9544132
700 _a Ray A. Gu.
_9551037
700 _aUniversity of Delhi. Faculty of Medical Sciences. Department of Pharmacolgy
_9545721
942 _cDIS
_2CC
999 _c884951
_d884951